000 01398nmm a2200361 a 4500
001 ocm000882885
003 TR-IsHL
005 20201028143158.0
008 140118s2002 tu tur
007 cr cn
020 _a9789758683048
035 _a882885
_b(N$T)
050 0 4 _aHX376.7.A6
_bN39 2002
090 0 4 _aHX376.7.A6
_bN39 2002
100 1 _aNâzım Hikmet, ,
245 1 0 _aBizim radyoda Nâzım Hikmet
_h[electronic resource] /
_c, Nâzım Hikmet
260 _aİstanbul :
_bTÜSTAV,
_c2002
300 _a218 p.
650 4 _aPolitika ve Uluslararası İlişkiler
650 4 _aPolitics and International Relations
650 0 _aNazım Hikmet, 1902-1963
_x Siyasal ve sosyal görüşleri
650 0 _aNazım Hikmet, 1902-1963
_x Political and social views
650 0 _aTürkiye
_x Politika ve idare
_x 1918-1960
650 0 _aTurkey
_x Politics and government
_x 1918-1960
650 0 _aDünya politikası
_x 1955-1965
650 0 _aWorld politics
_x 1955-1965
650 0 _aCommunism
_x Turkey
_x History
650 0 _aKomünizm
_x Türkiye
_x Tarih
650 0 _aTurkey
_x Politics and government
650 0 _aTürkiye
_x Siyaset ve yönetim
650 7 _aPOLITICAL SCIENCE / Political Ideologies / Communism, Post-Communism & Socialism
_2bisacsh
856 4 0 _uhttp://search.ebscohost.com/login.aspx?direct=true&scope=site&db=e011xww&AN=882885
999 _c8757
_d8757